000 00532nam a2200193Ia 4500
003 GCL
008 140319s9999 xx 000 0 eng d
040 _aGCL /
_cGCL
082 0 4 _aCC
_b962.03
_bH C
100 1 _aFRANCOIS, JEAN
245 1 0 _aCHAMPOLLION: SA VIE ET SON OEUVRE 1790-1832 /
_cFRANCOIS, JEAN
260 _a[S.N] :
_bGERARD WATELET ،
_c1983
300 _a620
650 0 4 _aباب اللوق
650 0 4 _aFRENCH EXPEDITION
650 0 4 _aEGYPTIAN LANGUAGE
650 0 4 _aCHAMPOLLION, 1790 - 1832
942 _2ddc
_cBK
999 _c21467
_d21467